000 00767cam a22002653a 4500
001 8298
003 PGUSA
005 20140828083154.0
008 050601s2005||||xxu|||||s|||||000 | eng d
040 _aPGUSA
_beng
042 _adc
050 4 _aPN
050 4 _aBF
100 1 _aLipps, Theodor,
_d1851-1914
245 1 0 _aKomik und Humor :
_bEine Psychologische-Ästhetische Untersuchung
_h[electronic resource] /
_cTheodor Lipps
260 _bProject Gutenberg,
_c2005
506 _aPublic domain in the USA.
516 _aElectronic text
653 _aWit and humor -- History and criticism
653 _aPsychology, Applied
653 _aComic, The
830 0 _aProject Gutenberg
_v8298
856 4 0 _uhttp://www.gutenberg.org/ebooks/8298
942 _cEB
999 _c237598
_d237598